Dessins animés de la génération X n°2 - Statistiques

Statistiques générales
  • Ce quiz a été pris 201 fois
  • Le résultat moyen est 9 sur 16
Statistiques - réponses
Par images Réponse % Correct
Olive et Tom
89%
Tom Sawyer
89%
Les mystérieuses cités d'or
87%
Heidi
86%
Albator
75%
Belle et Sébastien
73%
Ulysse 31
64%
Transformers
58%
Jeanne et Serge
57%
Les chevaliers du zodiaque
57%
Cat's eyes
54%
Les Minipouss
36%
Gigi
35%
M.A.S.K.
14%
Georgie
12%
Arok le barbare
4%
Aucun quiz correspondant
Distribution des résultats
% des personnes avec chaque résultat
Percentile par nombre de réponses
Votre historique - résultats
Vous n’avez pas pris ce quiz